[Event "Ct. Catalunya femeni"]
[Site "?"]
[Date "2013.04.01"]
[Round "5"]
[White "Martinez Arranz, L."]
[Black "Muratet Carmona, A."]
[Result "0-1"]
[WhiteElo "1373"]
[BlackElo "1708"]
[PlyCount "46"]
[EventDate "2013.??.??"]
[EventType "swiss"]
[EventRounds "5"]

1. e4 c5 2. Nf3 Nc6 3. Bc4 e6 4. Nc3 a6 5. a3 b5 6. Ba2 Bb7 7. d3 Qc7 8. Be3
Nf6 9. d4 b4 10. axb4 cxb4 11. Ne2 Nxe4 12. d5 Ne7 13. dxe6 dxe6 14. O-O Ng6
15. Bb3 Bd6 16. h3 O-O 17. Re1 Rfd8 18. Qc1 Nf6 19. Rd1 Bxf3 20. gxf3 Nh4 21.
f4 Qc6 22. Kf1 Qg2+ 23. Ke1 Nf3# 0-1

[Event "Ct. Catalunya femeni"]
[Site "?"]
[Date "2013.04.01"]
[Round "5"]
[White "Peñas Hernandez, Y."]
[Black "Montoliu Daroca, I."]
[Result "1-0"]
[WhiteElo "2009"]
[BlackElo "1799"]
[PlyCount "67"]
[EventDate "2013.??.??"]
[EventType "swiss"]
[EventRounds "5"]

1. e4 c5 2. Nf3 d6 3. d4 cxd4 4. Nxd4 Nf6 5. Nc3 a6 6. Be3 e5 7. Nb3 Be6 8. Qd2
Be7 9. f3 b5 10. g4 h6 11. O-O-O Nbd7 12. g5 Nh5 13. gxh6 g6 14. Rg1 Nb6 15.
Nd5 Bxd5 16. exd5 Nf6 17. Na5 Qc7 18. Nc6 Bf8 19. Nb4 a5 20. Bxb5+ Nfd7 21. Na6
Qc8 22. Qxa5 Nc4 23. Bxc4 Qxc4 24. Nc7+ Ke7 25. Nxa8 Bxh6 26. Bxh6 Rxh6 27. Rg4
Qe2 28. Qd2 Qxf3 29. Qxh6 Qxg4 30. Qe3 Qb4 31. Rd3 Qb7 32. Qg5+ Ke8 33. Ra3
Qxd5 34. Nc7+ 1-0

[Event "Ct. Catalunya femeni"]
[Site "?"]
[Date "2013.04.01"]
[Round "5"]
[White "Riera Morilla, E."]
[Black "Ruiz Font, E."]
[Result "0-1"]
[WhiteElo "1976"]
[BlackElo "2062"]
[PlyCount "144"]
[EventDate "2013.??.??"]
[EventType "swiss"]
[EventRounds "5"]

1. e4 c5 2. Nf3 g6 3. d4 cxd4 4. Qxd4 Nf6 5. e5 Nc6 6. Qa4 Nd5 7. Qe4 Nc7 8.
Nc3 Bg7 9. Bf4 Ne6 10. Bc4 Nxf4 11. Qxf4 O-O 12. O-O-O Na5 13. h4 Nxc4 14. Qxc4
b5 15. Qxb5 a6 16. Qb3 d6 17. exd6 exd6 18. Nd4 Re8 19. Qd5 Bg4 20. f3 Re5 21.
Qc4 Bd7 22. Nb3 Bb5 23. Qf4 Qf8 24. Kb1 Rc8 25. g4 Bc4 26. h5 Qe7 27. hxg6 hxg6
28. Qd2 d5 29. f4 Re3 30. Nxd5 Bxd5 31. Qxd5 Qf6 32. Qd4 Qc6 33. Qd2 Qf6 34. c3
Qxf4 35. Qd7 Qe4+ 36. Ka1 Rexc3 37. Rhe1 Qc6 38. Qxc6 R3xc6 39. Kb1 Rc4 40. g5
Rb4 41. Rd3 a5 42. a3 Rg4 43. Nxa5 Rxg5 44. b4 Rg2 45. Rb3 g5 46. Rc1 Re8 47.
Nc4 Ree2 48. a4 Ra2 49. Ra3 Rxa3 50. Nxa3 Rb2+ 51. Ka1 Rxb4+ 52. Ka2 Rxa4 53.
Kb3 Ra8 54. Nc4 Ra1 55. Rc2 Kh7 56. Nd6 Rf1 57. Ne4 Kg6 58. Rg2 Bh6 59. Kc4 f5
60. Nd2 Rc1+ 61. Kd3 g4 62. Nf3 Kf6 63. Ng1 Ra1 64. Ne2 Ra3+ 65. Kd4 Be3+ 66.
Kd5 Kg5 67. Ng3 Bf4 68. Ne2 g3 69. Nd4 Kg4 70. Ke6 Re3+ 71. Kd5 Re5+ 72. Kc4
Re1 0-1

[Event "Ct. Catalunya femeni"]
[Site "?"]
[Date "2013.04.01"]
[Round "5"]
[White "Terrones Launes, M."]
[Black "Martin Dinares, S."]
[Result "1-0"]
[WhiteElo "1975"]
[BlackElo "1640"]
[PlyCount "89"]
[EventDate "2013.??.??"]
[EventType "swiss"]
[EventRounds "5"]

1. e4 e5 2. Nf3 Nc6 3. d4 exd4 4. Nxd4 Qf6 5. Be3 Bc5 6. c3 Nge7 7. Bc4 Na5 8.
Be2 Bb6 9. O-O d5 10. Nd2 O-O 11. Bf3 Rd8 12. Qe2 c5 13. N4b3 d4 14. Nxa5 dxe3
15. Ndc4 Bxa5 16. Nxa5 Rd2 17. Qxe3 Rxb2 18. Nc4 Rb5 19. a4 Rb3 20. e5 Qe6 21.
Qd3 Bd7 22. Bd1 Rb6 23. Nxb6 axb6 24. Bc2 Qf5 25. Qd2 Qe6 26. Rfd1 Rd8 27. f4
Kf8 28. Qe2 Ke8 29. Rd6 Qg4 30. Qxg4 Bxg4 31. Rxb6 Nd5 32. Rxb7 Nxf4 33. a5
Ne2+ 34. Kf2 Nxc3 35. a6 Bc8 36. Rb2 Bd7 37. a7 Bc6 38. Rb8 Ba8 39. Ra3 Nd5 40.
Rxa8 Rxa8 41. Be4 Nc7 42. Bxa8 Nxa8 43. Rb3 Kd7 44. Rb8 Nc7 45. Rb7 1-0

[Event "Ct. Girona Veterans"]
[Site "Girona"]
[Date "2013.02.07"]
[Round "1"]
[White "Castella Rovira, JM."]
[Black "Oliva Llorens, A."]
[Result "0-1"]
[WhiteElo "1415"]
[BlackElo "1933"]
[PlyCount "91"]
[EventDate "2013.??.??"]
[EventType "swiss"]
[EventRounds "6"]

1. c4 e5 2. g3 g6 3. Bg2 Bg7 4. Nc3 d6 5. d3 f5 6. Be3 c6 7. Qd2 Be6 8. a4 a5
9. Rb1 Na6 10. b3 Qc7 11. d4 exd4 12. Bxd4 Nf6 13. Nf3 O-O 14. O-O Nb4 15. Ne1
Rfe8 16. Nc2 Rad8 17. Nxb4 axb4 18. Nd1 c5 19. Bxf6 Bxf6 20. Ne3 Bc3 21. Qd1
Kg7 22. Bd5 Bd4 23. Bxe6 Bxe3 24. Bd5 Bd4 25. e3 Be5 26. Qf3 Re7 27. Kg2 Rf8
28. Rfd1 Rf6 29. Kh1 b6 30. Rd3 Qd8 31. Rbd1 Qe8 32. Qg2 Kh8 33. f4 Bc3 34. Qf3
Rc7 35. Rg1 h5 36. h4 Rh7 37. Rgd1 Rc7 38. Qf2 Rd7 39. Qf3 Rc7 40. Rc1 Qd7 41.
Rc2 Rf8 42. Re2 Re8 43. Rd1 Re7 44. Rc1 Qe8 45. Rcc2 Kg7 46. Rc1 0-1

[Event "Ct. Girona Veterans"]
[Site "Girona"]
[Date "2013.02.07"]
[Round "1"]
[White "Colprim Sala, F."]
[Black "Martin Fernandez, S."]
[Result "0-1"]
[WhiteElo "1700"]
[BlackElo "1851"]
[PlyCount "50"]
[EventDate "2013.??.??"]
[EventType "swiss"]
[EventRounds "6"]

1. e4 c5 2. Nf3 e6 3. Bb5 a6 4. Ba4 b5 5. Bb3 c4 6. Nd4 cxb3 7. Nxb3 Bb7 8. d3
d5 9. e5 Nd7 10. d4 Rc8 11. c3 a5 12. O-O Ba6 13. Re1 g6 14. Be3 b4 15. Qd2 h5
16. a3 Bc4 17. Nc5 Nxc5 18. Qd1 Nb3 19. Ra2 Nh6 20. Qc2 Ng4 21. Nd2 Nxe3 22.
Rxe3 Nxd2 23. Ra1 Nb3 24. Rd1 bxa3 25. h3 a2 0-1

[Event "Ct. Girona Veterans"]
[Site "Girona"]
[Date "2013.02.07"]
[Round "1"]
[White "Gil Clariana, J."]
[Black "Figols Pujolar, J."]
[Result "1-0"]
[WhiteElo "1794"]
[BlackElo "1700"]
[PlyCount "61"]
[EventDate "2013.??.??"]
[EventType "swiss"]
[EventRounds "6"]

1. b4 e5 2. a3 Nc6 3. Bb2 d6 4. e4 Nf6 5. d3 Be7 6. Nf3 Bg4 7. Be2 O-O 8. O-O
a6 9. c4 b5 10. Nc3 bxc4 11. dxc4 Rb8 12. Re1 Na7 13. Qc2 c5 14. bxc5 dxc5 15.
Nxe5 Bxe2 16. Rxe2 Qc7 17. Nd5 Nxd5 18. exd5 f6 19. Nf3 Bd6 20. Rae1 Qd7 21.
Nh4 Rfe8 22. Nf5 Rxe2 23. Rxe2 g6 24. Nxd6 Qxd6 25. Re6 Qd7 26. g3 Re8 27. Rxf6
Re1+ 28. Kg2 Qe8 29. Qc3 Qe4+ 30. Rf3 Qe7 31. Qh8# 1-0

[Event "Ct. Girona Veterans"]
[Site "Girona"]
[Date "2013.02.07"]
[Round "1"]
[White "Guzman Maglaya, N."]
[Black "Carramiñana Puig, J."]
[Result "1-0"]
[WhiteElo "1947"]
[BlackElo "1790"]
[PlyCount "145"]
[EventDate "2013.??.??"]
[EventType "swiss"]
[EventRounds "6"]

1. e4 e6 2. d4 d5 3. e5 c5 4. c3 Nc6 5. Nf3 Qb6 6. Bd3 Bd7 7. O-O cxd4 8. a3
dxc3 9. Nxc3 Qc7 10. Nb5 Qb8 11. Re1 a6 12. Nbd4 Bc5 13. Nxc6 Bxc6 14. b4 Bb6
15. Ng5 h6 16. Qh5 g6 17. Bxg6 fxg6 18. Qxg6+ Kd8 19. Nf7+ Kd7 20. Nxh8 Ne7 21.
Qxh6 Qxh8 22. Qxh8 Rxh8 23. Be3 Bxe3 24. Rxe3 Nf5 25. Rd3 Bb5 26. Rd2 Kc6 27.
Rc1+ Bc4 28. Rc3 b5 29. g4 Rg8 30. h3 d4 31. Rf3 d3 32. Kh2 Nd4 33. Rg3 Rf8 34.
Rdxd3 Bxd3 35. Rxd3 Nf3+ 36. Kg3 Nxe5 37. Rc3+ Kd6 38. f4 Nc4 39. Rd3+ Ke7 40.
h4 Nb6 41. h5 Nd5 42. Rd4 Ne3 43. Re4 Nf1+ 44. Kh3 Nd2 45. Re2 Nf3 46. Kg3 Nd4
47. Re4 Rd8 48. h6 Kf7 49. g5 Nf5+ 50. Kg4 Rd1 51. h7 Rg1+ 52. Kf3 Rh1 53. g6+
Kxg6 54. Rxe6+ Kxh7 55. Rxa6 Nd4+ 56. Ke4 Nc2 57. Ra5 Ra1 58. Rxb5 Rxa3 59.
Rb7+ Kg8 60. b5 Ra4+ 61. Ke5 Ne3 62. f5 Nc4+ 63. Kd5 Ne3+ 64. Ke5 Rb4 65. f6
Ng4+ 66. Ke6 Nxf6 67. Kxf6 Rb1 68. b6 Rb2 69. Ke6 Kf8 70. Rb8+ Kg7 71. Kd6 Rc2
72. Rb7+ Kf8 73. Rc7 1-0

[Event "Ct. Girona Veterans"]
[Site "Girona"]
[Date "2013.02.07"]
[Round "1"]
[White "Nicolau Serrato, M."]
[Black "Garcia Calleja, R."]
[Result "1-0"]
[WhiteElo "1929"]
[BlackElo "1806"]
[PlyCount "117"]
[EventDate "2013.??.??"]
[EventType "swiss"]
[EventRounds "6"]

1. e4 b6 2. d4 Bb7 3. Nc3 e6 4. Bd3 Nf6 5. Nf3 d5 6. e5 Nfd7 7. O-O c5 8. Be2
cxd4 9. Qxd4 Nc6 10. Qf4 h6 11. Nb5 Be7 12. Nd6+ Bxd6 13. exd6 Qf6 14. Qg3 g5
15. c4 dxc4 16. Bxc4 Nce5 17. Nxe5 Qxe5 18. Bd2 Qxg3 19. fxg3 O-O 20. Bc3 Rac8
21. Bb3 Nc5 22. Rf6 Ne4 23. Rxh6 Nxc3 24. bxc3 Kg7 25. Rh5 Kg6 26. g4 Rxc3 27.
Rd1 Rd8 28. Rh3 Rxh3 29. gxh3 Kf6 30. Rf1+ Kg7 31. Rd1 Bc6 32. Kf2 Kf6 33. Kg3
Bd7 34. h4 Rc8 35. hxg5+ Kxg5 36. h4+ Kg6 37. Kf4 Rc5 38. Rd3 b5 39. Rd2 Rc3
40. Rc2 b4 41. Rxc3 bxc3 42. Bc2+ Kg7 43. Ke5 f6+ 44. Kd4 e5+ 45. Kd5 Bxg4 46.
Kc6 Kh6 47. d7 Bxd7+ 48. Kxd7 Kh5 49. Ke6 Kxh4 50. Kxf6 Kh5 51. Kxe5 Kg5 52.
Kd4 Kf6 53. Kxc3 Ke5 54. Kc4 Kd6 55. Kb5 Kc7 56. Ka6 Kc6 57. Kxa7 Kc7 58. a4
Kc6 59. a5 1-0

[Event "Ct. Girona Veterans"]
[Site "Girona"]
[Date "2013.02.07"]
[Round "1"]
[White "Zamora Alarcon, J."]
[Black "Bonell Mitjans, A."]
[Result "0-1"]
[WhiteElo "1792"]
[BlackElo "2099"]
[PlyCount "128"]
[EventDate "2013.??.??"]
[EventType "swiss"]
[EventRounds "6"]

1. e4 e6 2. g3 d5 3. Bg2 dxe4 4. Bxe4 Bc5 5. c3 Nf6 6. Bg2 e5 7. Ne2 Nc6 8.
Bxc6+ bxc6 9. d4 Qd5 10. Rg1 exd4 11. cxd4 Bb4+ 12. Bd2 Bxd2+ 13. Qxd2 O-O 14.
Nbc3 Qc4 15. b3 Qa6 16. O-O-O Bg4 17. Kb2 Rad8 18. Qd3 Qa5 19. f3 Bf5 20. Qc4
Bd7 21. Qc5 Qa6 22. Qc4 Qb6 23. Qc5 Rfe8 24. Rd2 Re3 25. f4 Bg4 26. Qxb6 cxb6
27. Kc2 Rde8 28. Nc1 a5 29. Kb2 Bf5 30. Nd1 Re1 31. Rxe1 Rxe1 32. Nd3 Bxd3 33.
Rxd3 Re2+ 34. Ka3 b5 35. b4 axb4+ 36. Kxb4 Rxa2 37. Ra3 Nd5+ 38. Kb3 Rxa3+ 39.
Kxa3 Kf8 40. Kb3 Ke7 41. Nf2 f5 42. Nd3 Kd6 43. Ne5 Ne3 44. Kc3 Kd5 45. Kd3 Nc4
46. h3 Nd6 47. g4 b4 48. gxf5 Nxf5 49. Nf3 h6 50. Nd2 Nxd4 51. Nc4 Ne6 52. Ne3+
Kc5 53. Ke4 b3 54. Nd1 Kb4 55. Kf5 Nd4+ 56. Kg6 c5 57. Kxg7 Ne6+ 58. Kxh6 Nxf4
59. h4 c4 60. Kg5 c3 61. Kxf4 b2 62. Nxb2 cxb2 63. h5 b1=Q 64. Kg5 Qh7 0-1

[Event "Ct. Girona Veterans"]
[Site "Girona"]
[Date "2013.02.14"]
[Round "2"]
[White "Bonell Mitjans, A."]
[Black "Gil Clariana, J."]
[Result "1/2-1/2"]
[WhiteElo "2099"]
[BlackElo "1794"]
[PlyCount "82"]
[EventDate "2013.??.??"]
[EventType "swiss"]
[EventRounds "6"]

1. e4 c5 2. Nf3 Nc6 3. d4 cxd4 4. Nxd4 g6 5. c4 Bg7 6. Be3 Nf6 7. Nc3 O-O 8.
Be2 d6 9. O-O Ne8 10. Qd2 Nxd4 11. Bxd4 b6 12. Rac1 Bb7 13. f4 Nc7 14. f5 Bxd4+
15. Qxd4 f6 16. fxg6 hxg6 17. Bg4 Kg7 18. Nd5 Bc8 19. Ne3 Bxg4 20. Nxg4 Qc8 21.
h3 Ne6 22. Qd5 Nc7 23. Qd2 Rh8 24. Rc3 Ne6 25. Kh2 Qc5 26. Qd5 Qc8 27. Rg3 Rh5
28. Qd3 Ng5 29. Ne3 Qe6 30. Rf4 Rah8 31. Ng4 Rh4 32. Kg1 Rf8 33. b3 Rh5 34. Re3
Nf7 35. Ref3 Ne5 36. Nxe5 Rxe5 37. Rg3 Rh8 38. Rfg4 Rh6 39. Qf3 Qf7 40. Qc3 Qe6
41. Qd4 Qf7 1/2-1/2

[Event "Ct. Girona Veterans"]
[Site "Girona"]
[Date "2013.02.14"]
[Round "2"]
[White "Carramiñana Puig, J."]
[Black "Estelle Estrada, J."]
[Result "1-0"]
[WhiteElo "1790"]
[BlackElo "1349"]
[PlyCount "33"]
[EventDate "2013.??.??"]
[EventType "swiss"]
[EventRounds "6"]

1. d4 f5 2. Bg5 Nf6 3. Nc3 e6 4. e4 Be7 5. exf5 exf5 6. Bd3 Ne4 7. Bxe7 Qxe7 8.
Nxe4 d5 9. Qe2 fxe4 10. Bb5+ c6 11. Ba4 O-O 12. O-O-O Qg5+ 13. Qd2 Qxg2 14. Ne2
Rxf2 15. Rdg1 Qf3 16. Qg5 Nd7 17. Qxg7# 1-0

[Event "Ct. Girona Veterans"]
[Site "Girona"]
[Date "2013.02.14"]
[Round "2"]
[White "Figols Pujolar, J."]
[Black "Castella Rovira, JM."]
[Result "1-0"]
[WhiteElo "1700"]
[BlackElo "1415"]
[PlyCount "94"]
[EventDate "2013.??.??"]
[EventType "swiss"]
[EventRounds "6"]

1. e4 d6 2. Nf3 Nf6 3. Bc4 e6 4. d3 Be7 5. Nc3 Nc6 6. O-O Na5 7. Re1 Nxc4 8.
dxc4 e5 9. h3 c6 10. Be3 h6 11. Qe2 Be6 12. Red1 O-O 13. Nxe5 Qc7 14. Nd3 Bxc4
15. b3 Ba6 16. Qf3 Rad8 17. Qg3 Nh5 18. Qg4 Nf6 19. Qg3 Nh5 20. Qg4 Nf6 21. Qg3
Kh7 22. Qf4 Qd7 23. Nc5 Qc8 24. Nxa6 bxa6 25. Qf5+ Qxf5 26. exf5 c5 27. g4 Ne8
28. Rab1 Nc7 29. a3 Rd7 30. Nd5 Bd8 31. Nxc7 Rxc7 32. Kg2 Be7 33. c4 Rd8 34.
Rd5 Re8 35. Bf4 Rd8 36. h4 Rdd7 37. h5 a5 38. Rbd1 Rc6 39. Kf3 Rb7 40. R1d3 Rd7
41. Rd1 Rb7 42. Rb1 a4 43. Rd3 axb3 44. Rdxb3 Rxb3+ 45. Rxb3 Rb6 46. Rxb6 axb6
47. Ke4 g6 1-0

[Event "Ct. Girona Veterans"]
[Site "Girona"]
[Date "2013.02.14"]
[Round "2"]
[White "Garcia Calleja, R."]
[Black "Zamora Alarcon, J."]
[Result "1-0"]
[WhiteElo "1806"]
[BlackElo "1792"]
[PlyCount "65"]
[EventDate "2013.??.??"]
[EventType "swiss"]
[EventRounds "6"]

1. e4 e5 2. Nf3 Nc6 3. Bc4 d6 4. c3 Be6 5. Bb5 a6 6. Bxc6+ bxc6 7. d4 exd4 8.
Nxd4 Ne7 9. O-O Bc4 10. Re1 c5 11. Qa4+ Qd7 12. Qxc4 cxd4 13. Qxd4 Nc6 14. Qd5
Rb8 15. Na3 Be7 16. Rb1 O-O 17. Bg5 h6 18. Bxe7 Nxe7 19. Qd3 Qc6 20. Nc2 Rb6
21. a3 Rfb8 22. b4 Ng6 23. Nd4 Qb7 24. Qg3 c5 25. Nf5 cxb4 26. Rxb4 a5 27. Rxb6
Qxb6 28. Qxd6 Qb7 29. h3 Re8 30. Qd4 f6 31. Nd6 Qc6 32. Nxe8 Qxe8 33. Qd5+ 1-0

[Event "Ct. Girona Veterans"]
[Site "Girona"]
[Date "2013.02.14"]
[Round "2"]
[White "Martin Fernandez, S."]
[Black "Guzman Maglaya, N."]
[Result "1/2-1/2"]
[WhiteElo "1851"]
[BlackElo "1947"]
[PlyCount "77"]
[EventDate "2013.??.??"]
[EventType "swiss"]
[EventRounds "6"]

1. b3 d5 2. Bb2 c5 3. e3 Nc6 4. Bb5 Bd7 5. Nf3 a6 6. Bxc6 Bxc6 7. O-O Nf6 8.
Ne5 e6 9. d3 Bd6 10. Nd2 Qc7 11. f4 O-O-O 12. Nxc6 Qxc6 13. Nf3 Qc7 14. Be5
Rhg8 15. Qe2 h6 16. c4 Nd7 17. d4 f6 18. Bxd6 Qxd6 19. dxc5 Nxc5 20. Rac1 Kb8
21. b4 Ne4 22. c5 Qc7 23. Nd4 Rge8 24. c6 b5 25. a4 e5 26. fxe5 fxe5 27. Nb3 d4
28. axb5 Nc3 29. Rxc3 dxc3 30. Qc4 Qb6 31. Nc5 axb5 32. c7+ Kxc7 33. Qf7+ Kc8
34. Ra1 Qc6 35. Qf5+ Kb8 36. Na6+ Kb7 37. Nc5+ Kb8 38. Na6+ Kb7 39. Nc5+
1/2-1/2

[Event "Ct. Girona Veterans"]
[Site "Girona"]
[Date "2013.02.14"]
[Round "2"]
[White "Oliva Llorens, A."]
[Black "Prat Bosch, R."]
[Result "1-0"]
[WhiteElo "1933"]
[BlackElo "1700"]
[PlyCount "71"]
[EventDate "2013.??.??"]
[EventType "swiss"]
[EventRounds "6"]

1. e4 e6 2. d4 d5 3. e5 c5 4. c3 Nc6 5. Nf3 Bd7 6. a3 a5 7. b3 b6 8. Bb2 g6 9.
Be2 Bg7 10. O-O Nge7 11. a4 O-O 12. Na3 Na7 13. Qd2 Bc6 14. Rfd1 Rb8 15. Nb5
Bxb5 16. axb5 Qd7 17. c4 Nf5 18. dxc5 bxc5 19. Rxa5 Rb7 20. g4 Ne7 21. Rda1 Rd8
22. Qf4 Qc7 23. Ra6 Qd7 24. Bc3 Rdb8 25. Ng5 Nec8 26. Bf3 Rb6 27. R6a2 R6b7 28.
Ba5 Nd6 29. exd6 Bxa1 30. Rxa1 Nc8 31. Bc7 Nxd6 32. Bxd6 Rd8 33. Be5 f5 34.
gxf5 gxf5 35. Kh1 h6 36. Rg1 1-0

[Event "Ct. Girona Veterans"]
[Site "Girona"]
[Date "2013.02.21"]
[Round "3"]
[White "Carramiñana Puig, J."]
[Black "Colprim Sala, F."]
[Result "1-0"]
[WhiteElo "1790"]
[BlackElo "1700"]
[PlyCount "45"]
[EventDate "2013.??.??"]
[EventType "swiss"]
[EventRounds "6"]

1. d4 d5 2. c4 Nf6 3. Nf3 e6 4. Nc3 dxc4 5. e3 Bd6 6. Bxc4 O-O 7. O-O Bd7 8. e4
Re8 9. e5 Bb4 10. exf6 Qxf6 11. Ne4 Qd8 12. Bd3 Nc6 13. Neg5 g6 14. Ne5 Rf8 15.
Qg4 Nxe5 16. dxe5 Qe7 17. Ne4 Kg7 18. Bg5 Qe8 19. Qh4 h5 20. Bf6+ Kg8 21. g4
Bc6 22. gxh5 Bd7 23. hxg6 1-0

[Event "Ct. Girona Veterans"]
[Site "Girona"]
[Date "2013.02.21"]
[Round "3"]
[White "Castella Rovira, JM."]
[Black "Burset Camps, G."]
[Result "1/2-1/2"]
[WhiteElo "1415"]
[BlackElo "1693"]
[PlyCount "65"]
[EventDate "2013.??.??"]
[EventType "swiss"]
[EventRounds "6"]

1. g3 d5 2. d3 c5 3. b3 Nc6 4. Nf3 e5 5. Bg2 Nf6 6. O-O Be7 7. c4 d4 8. Na3 O-O
9. Ne1 a6 10. Nac2 Bg4 11. Qd2 Bf5 12. Rb1 e4 13. e3 dxe3 14. Nxe3 Bg6 15. Bb2
Nd4 16. Rd1 Qb6 17. f3 exd3 18. Nxd3 Rad8 19. Qf2 Bxd3 20. Rxd3 Nxf3+ 21. Qxf3
Rxd3 22. Re1 Qe6 23. Qf2 Qd7 24. Nd5 Nxd5 25. Bxd5 b6 26. Qe2 Rxd5 27. cxd5 Bf6
28. Bxf6 gxf6 29. Qxa6 Qxd5 30. Qxb6 Qd4+ 31. Kf1 Qd3+ 32. Kg1 Qd4+ 33. Kf1
1/2-1/2

[Event "Ct. Girona Veterans"]
[Site "Girona"]
[Date "2013.02.21"]
[Round "3"]
[White "Gil Clariana, J."]
[Black "Martin Fernandez, S."]
[Result "1/2-1/2"]
[WhiteElo "1794"]
[BlackElo "1851"]
[PlyCount "79"]
[EventDate "2013.??.??"]
[EventType "swiss"]
[EventRounds "6"]

1. b4 e5 2. a3 d5 3. e3 Nf6 4. Bb2 Bd6 5. Nf3 Qe7 6. Be2 Bf5 7. d3 Nbd7 8. Nbd2
O-O 9. c4 c6 10. c5 Bc7 11. Nh4 Be6 12. Qc2 a5 13. O-O Ne8 14. g3 Bh3 15. Rfe1
f5 16. Ng2 Nef6 17. f4 Bxg2 18. Kxg2 axb4 19. axb4 Rxa1 20. Bxa1 Ng4 21. Bxg4
fxg4 22. Qd1 Nf6 23. Bb2 h5 24. Qa1 e4 25. Bxf6 gxf6 26. d4 Bb8 27. Qa4 f5 28.
Ra1 h4 29. Rh1 h3+ 30. Kf2 b5 31. Qa1 Qb7 32. Ke2 Bc7 33. Qb2 Ra8 34. Ra1 Ra6
35. Nb3 Qa7 36. Kd2 Ra4 37. Kc3 Kf7 38. Qb1 Ke6 39. Qb2 Kd7 40. Qb1 1/2-1/2

[Event "Ct. Girona Veterans"]
[Site "Girona"]
[Date "2013.02.21"]
[Round "3"]
[White "Guzman Maglaya, N."]
[Black "Oliva Llorens, A."]
[Result "0-1"]
[WhiteElo "1947"]
[BlackElo "1933"]
[PlyCount "104"]
[EventDate "2013.??.??"]
[EventType "swiss"]
[EventRounds "6"]

1. Nf3 c5 2. e4 g6 3. c3 Bg7 4. d4 cxd4 5. cxd4 d5 6. Bb5+ Bd7 7. Bxd7+ Qxd7 8.
e5 Nc6 9. O-O e6 10. Nc3 Nge7 11. Bf4 Na5 12. b3 Rc8 13. Qd2 O-O 14. Rac1 b6
15. h3 Rc7 16. g4 Rfc8 17. Bg5 a6 18. Na4 Rxc1 19. Rxc1 Rxc1+ 20. Qxc1 Nc8 21.
Qc3 Qc6 22. Qd3 b5 23. Nc5 Nb7 24. Nxb7 Qxb7 25. Qc3 Bf8 26. Qc1 Na7 27. Bh6
Bg7 28. Qf4 Qe7 29. Bg5 Qc7 30. h4 Qc2 31. Kg2 Nc6 32. Qc1 Qxc1 33. Bxc1 Bf8
34. a3 a5 35. Kf1 Be7 36. Ke2 f6 37. exf6 Bxf6 38. Kd3 e5 39. dxe5 Nxe5+ 40.
Nxe5 Bxe5 41. f4 Bf6 42. g5 Bg7 43. Bd2 a4 44. bxa4 bxa4 45. Bc3 Bf8 46. Bb2
Bd6 47. Ke3 Kf7 48. Kf3 Ke6 49. Kg4 d4 50. Bc1 d3 51. f5+ gxf5+ 52. Kf3 Bxa3
0-1

[Event "Ct. Girona Veterans"]
[Site "Girona"]
[Date "2013.02.21"]
[Round "3"]
[White "Prat Bosch, R."]
[Black "Garcia Calleja, R."]
[Result "1/2-1/2"]
[WhiteElo "1700"]
[BlackElo "1806"]
[PlyCount "100"]
[EventDate "2013.??.??"]
[EventType "swiss"]
[EventRounds "6"]

1. d4 b6 2. c4 Bb7 3. Nf3 e6 4. e3 Be7 5. Be2 Nf6 6. O-O O-O 7. b3 d6 8. Nbd2
Nbd7 9. Bb2 Rb8 10. Qc2 h6 11. Rfe1 c5 12. Bd3 cxd4 13. exd4 Rc8 14. Rac1 Nd5
15. a3 Nf4 16. Re3 Nxd3 17. Qxd3 Nf6 18. h3 Nh5 19. Qf1 d5 20. cxd5 Rxc1 21.
Qxc1 Bxd5 22. Ne5 Qa8 23. f3 Bg5 24. Rc3 Nf4 25. Qf1 Rc8 26. Ndc4 Be7 27. Bc1
Ng6 28. Qd3 Nxe5 29. Nxe5 Rxc3 30. Qxc3 Qb7 31. b4 Bd6 32. Bb2 b5 33. Ng4 Bf4
34. Ne3 Bxe3+ 35. Qxe3 Qc6 36. Qc3 Bc4 37. d5 Qb6+ 38. Qd4 Qxd4+ 39. Bxd4 Bxd5
40. Bxa7 Kf8 41. Bc5+ Ke8 42. Kf2 g6 43. g3 h5 44. h4 Kd7 45. Ke3 e5 46. Bf8
Ke6 47. g4 f5 48. g5 Bc4 49. f4 exf4+ 50. Kxf4 Kd5 1/2-1/2

[Event "Ct. Girona Veterans"]
[Site "Girona"]
[Date "2013.02.21"]
[Round "3"]
[White "Zamora Alarcon, J."]
[Black "Figols Pujolar, J."]
[Result "1-0"]
[WhiteElo "1792"]
[BlackElo "1700"]
[PlyCount "59"]
[EventDate "2013.??.??"]
[EventType "swiss"]
[EventRounds "6"]

1. e4 e5 2. Nf3 d6 3. Bc4 Be6 4. Qe2 Qd7 5. Nc3 Nf6 6. h3 c6 7. Bb3 Na6 8. d4
exd4 9. Nxd4 Bxb3 10. Nxb3 O-O-O 11. Be3 Kb8 12. O-O Qe7 13. Na5 c5 14. f3 Qc7
15. Nc4 Be7 16. Rfd1 Nb4 17. a3 Nc6 18. Nb5 Qc8 19. Nbxd6 Bxd6 20. Nxd6 Qc7 21.
Nc4 b6 22. Rd3 Nd4 23. Qd2 Qe7 24. a4 a5 25. Nxb6 Qa7 26. Nc4 Nc6 27. Qf2 Rhg8
28. Bxc5 Qb7 29. Rb3 Qxb3 30. cxb3 1-0

[Event "Ct. Girona Veterans"]
[Site "Girona"]
[Date "2013.02.28"]
[Round "4"]
[White "Burset Camps, G."]
[Black "Zamora Alarcon, J."]
[Result "1-0"]
[WhiteElo "1693"]
[BlackElo "1792"]
[PlyCount "61"]
[EventDate "2013.??.??"]
[EventType "swiss"]
[EventRounds "6"]

1. d4 d5 2. Nf3 Nf6 3. c4 e6 4. Nc3 c6 5. Bg5 Be7 6. e3 h6 7. Bh4 O-O 8. Rc1
Nh7 9. Bxe7 Qxe7 10. Bd3 Nd7 11. O-O Ng5 12. Ne5 Nxe5 13. dxe5 dxc4 14. Bxc4 b6
15. f4 Nh7 16. Qg4 f5 17. Qh3 b5 18. Bd3 Bb7 19. e4 Rad8 20. exf5 exf5 21. Bxf5
Rd2 22. Ne4 Rxb2 23. Nd6 Ba8 24. Qc3 Rxf5 25. Nxf5 Qb4 26. Qg3 Qf8 27. Nd6 Qd8
28. Rf2 Rb4 29. Qg6 Nf8 30. Qf7+ Kh7 31. Nf5 1-0

[Event "Ct. Girona Veterans"]
[Site "Girona"]
[Date "2013.02.28"]
[Round "4"]
[White "Colprim Sala, F."]
[Black "Castella Rovira, JM."]
[Result "0-1"]
[WhiteElo "1700"]
[BlackElo "1415"]
[PlyCount "84"]
[EventDate "2013.??.??"]
[EventType "swiss"]
[EventRounds "6"]

1. e4 g6 2. Ne2 Bg7 3. c3 d6 4. d4 c6 5. Nf4 Nd7 6. Be2 e5 7. Nh3 Ne7 8. O-O
O-O 9. Be3 b5 10. Bd3 Nb6 11. b3 Bb7 12. Nd2 Rc8 13. Rc1 f5 14. Ng5 Rf6 15. f4
Nd7 16. Ngf3 d5 17. fxe5 Rf8 18. e6 Nb6 19. e5 Rc7 20. Qe1 Bc8 21. Ng5 Rb7 22.
Nf7 Qc7 23. Nh6+ Kh8 24. Nf7+ Kg8 25. Bh6 Bxe6 26. Bxg7 Kxg7 27. Ng5 Qd7 28.
Rf4 h6 29. Qh4 Rh8 30. Nxe6+ Qxe6 31. Qg3 Nd7 32. Rcf1 Rf8 33. h4 Kh8 34. R4f2
Nb6 35. Qh3 Rbb8 36. Ne4 dxe4 37. Bxe4 Rf7 38. Bd3 Rbf8 39. Qe3 Kh7 40. g3 Kg7
41. Kg2 Kh7 42. Kh3 f4+ 0-1

[Event "Ct. Girona Veterans"]
[Site "Girona"]
[Date "2013.02.28"]
[Round "4"]
[White "Estelle Estrada, J."]
[Black "Nicolau Serrato, M."]
[Result "0-1"]
[WhiteElo "1349"]
[BlackElo "1929"]
[PlyCount "86"]
[EventDate "2013.??.??"]
[EventType "swiss"]
[EventRounds "6"]

1. e4 e5 2. Nf3 Nc6 3. d4 exd4 4. Nxd4 d6 5. c3 Nf6 6. g3 Be7 7. Nf5 Bxf5 8.
exf5 O-O 9. Bg2 Qd7 10. Bh3 Ne5 11. O-O c6 12. Nd2 Qc7 13. Re1 Rfe8 14. Ne4
Rad8 15. Nxf6+ Bxf6 16. Bf4 Qb6 17. Bxe5 dxe5 18. Qc2 Rd6 19. Rad1 Red8 20. b3
Qc7 21. Bg2 Qd7 22. Rxd6 Qxd6 23. Bf3 Qc5 24. Rd1 Re8 25. c4 Qe7 26. Be4 Kf8
27. Rd3 Qc7 28. Qd2 Rd8 29. Kg2 Rd4 30. f3 c5 31. Qb2 Rxd3 32. Qa3 Rd2+ 33. Kh3
b6 34. Bd5 Rd4 35. Qa6 g6 36. Be4 g5 37. g4 Qd7 38. Bb7 h5 39. Be4 Rxe4 40.
fxe4 Qd3+ 41. Kg2 Qxe4+ 42. Kf2 Qxg4 43. Qc8+ Kg7 0-1